General, organic, and biological chemistry / (Record no. 5560)

MARC details
000 -LEADER
fixed length control field 01333cam a2200337 a 4500
001 - CONTROL NUMBER
control field 15402681
003 - CONTROL NUMBER IDENTIFIER
control field mut
005 - DATE AND TIME OF LATEST TRANSACTION
control field 20240606080958.0
008 - FIXED-LENGTH DATA ELEMENTS--GENERAL INFORMATION
fixed length control field 080807s2010 at a 001 0 eng
010 ## - LIBRARY OF CONGRESS CONTROL NUMBER
LC control number 2008934779
020 ## - INTERNATIONAL STANDARD BOOK NUMBER
International Standard Book Number 9780547152813
020 ## - INTERNATIONAL STANDARD BOOK NUMBER
International Standard Book Number 0547152817
040 ## - CATALOGING SOURCE
Original cataloging agency DLC
Transcribing agency DLC
Modifying agency DLC
050 00 - LIBRARY OF CONGRESS CALL NUMBER
Classification number QD33.2
Item number .S758 2010
082 00 - DEWEY DECIMAL CLASSIFICATION NUMBER
Classification number 540
Edition information 22
100 1# - MAIN ENTRY--PERSONAL NAME
Personal name Stoker, H. Stephen
Fuller form of name (Howard Stephen),
Dates associated with a name 1939-
245 10 - TITLE STATEMENT
Title General, organic, and biological chemistry /
250 ## - EDITION STATEMENT
Edition statement 5th ed.
260 ## - PUBLICATION, DISTRIBUTION, ETC.
Place of publication, distribution, etc. Australia ;
-- United States :
Name of publisher, distributor, etc. Brooks/Cole Cengage Learning,
Date of publication, distribution, etc. c2010.
300 ## - PHYSICAL DESCRIPTION
Extent 1 v. (various pagings) :
Other physical details ill. (some col.) ;
Dimensions 29 cm.
500 ## - GENERAL NOTE
General note Includes index.
650 #0 - SUBJECT ADDED ENTRY--TOPICAL TERM
Topical term or geographic name entry element Chemistry.
650 #0 - SUBJECT ADDED ENTRY--TOPICAL TERM
Topical term or geographic name entry element Biochemistry.
650 #0 - SUBJECT ADDED ENTRY--TOPICAL TERM
Topical term or geographic name entry element Chemistry, Organic.
856 42 - ELECTRONIC LOCATION AND ACCESS
Materials specified Contributor biographical information
Uniform Resource Identifier <a href="http://www.loc.gov/catdir/enhancements/fy1105/2008934779-b.html">http://www.loc.gov/catdir/enhancements/fy1105/2008934779-b.html</a>
856 42 - ELECTRONIC LOCATION AND ACCESS
Materials specified Publisher description
Uniform Resource Identifier <a href="http://www.loc.gov/catdir/enhancements/fy1105/2008934779-d.html">http://www.loc.gov/catdir/enhancements/fy1105/2008934779-d.html</a>
856 41 - ELECTRONIC LOCATION AND ACCESS
Materials specified Table of contents only
Uniform Resource Identifier <a href="http://www.loc.gov/catdir/enhancements/fy1212/2008934779-t.html">http://www.loc.gov/catdir/enhancements/fy1212/2008934779-t.html</a>
906 ## - LOCAL DATA ELEMENT F, LDF (RLIN)
a 7
b cbc
c origcop
d 3
e epcn
f 20
g y-gencatlg
942 ## - ADDED ENTRY ELEMENTS (KOHA)
Source of classification or shelving scheme Library of Congress Classification
Koha item type Books
Holdings
Withdrawn status Lost status Source of classification or shelving scheme Damaged status Not for loan Home library Current library Date acquired Total checkouts Full call number Barcode Date last seen Date last checked out Price effective from Koha item type
    Library of Congress Classification     Murang'a University of Technology Library Murang'a University of Technology Library 20/02/2017 6 QD33.2 .S758 2010 005830 30/08/2024 24/03/2021 20/02/2017 Books